| 000 | 01042nas a2200325 4500 | ||
|---|---|---|---|
| 001 | BR2011007055 | ||
| 003 | BR-BrBNA | ||
| 005 | 20231205115912.0 | ||
| 007 | ta | ||
| 008 | 230509b bl.|||p| |||| 00| 00por d | ||
| 040 |
_aBR-BrBNA _bpor _cBiblioteca Nacional de Agricultura |
||
| 041 | _a(En) | ||
| 072 | _aL40; L01 | ||
| 100 | 1 | _aNääs, I. de A. | |
| 100 | 1 | _aBaracho, M. dos S. | |
| 100 | 1 | _aSalgado, D.D. | |
| 100 | 1 | _aSonoda, L.T. | |
| 100 | 1 | _aCarvalho, V.R.C. | |
| 100 | 1 | _aMoura, D.J. de | |
| 100 | 1 | _aPaz, I.C.L.A. | |
| 245 | 1 | _aBroilers'toes asymmetry and walking ability assessment | |
| 650 | _aMORFOLOGIA ANIMAL | ||
| 650 | _aAPARELHO LOCOMOTOR | ||
| 650 | _aBEM-ESTAR | ||
| 650 | _aCONTROLE DE QUALIDADE | ||
| 773 | 0 |
_tEngenharia Agrícola (Brazil) _xISSN 1808-4389 _g(Jul-Sep 2009), v. 29(4) p. 538-546 _wBR2011007055 |
|
| 856 | 4 | 0 | _uhttp://www.scielo.br/scielo.php?script=sci_abstract pid=S0100-69162009000400004 lng=pt nrm=iso tlng=pt |
| 909 |
_a202311 _bLúcia _c55 _dLúcia Elande |
||
| 942 |
_2AGRIS _n0 _cANA |
||
| 999 |
_c216231 _d216231 |
||